000 00799nam a2200253Ia 4500
003 OSt
005 20220927111046.0
006 a|||||r|||| 00| 0
007 ta
008 220926b |||||||| |||| 00| 0 eng d
024 _a108419
037 _cReports
040 _aRTL
_cRTL
_beng
041 _2eng
_aeng
082 _a"A.2r, M0/GD"
110 _aCouncil Of Scientific And Industrial Research Survey And Planning Organizaiton
_9381137
245 0 _aAnnual report
260 _aNew
_bDelhi Council Of Scientific And Industrial Research Survey
_c1980
490 _v1965-66
650 _aNatural Science
_9356561
700 _aCouncil Of Scientific And Industrial Research Survey And Planning Organizaiton
_9381138
942 _h"A.2r, M0/GD"
_cCC
999 _c698527
_d698527